Statistics for Countries With the Most Immigrants as a Percent of Continent

Click here to take the quiz!

General Stats

  • This quiz has been taken 312 times
  • The average score is 15 of 20

Answer Stats

% Country % Correct
80.5United States
99%
11.2United Kingdom
96%
15.8Germany
94%
13.5Canada
94%
10.2France
93%
83.5Australia
91%
7.6Italy
88%
7.7Spain
86%
15.3Russia
86%
12.2Brazil
85%
7.2India
80%
12.8New Zealand
77%
35.8Argentina
76%
15.2South Africa
75%
14.0Saudi Arabia
74%
11.2United Arab Emirates
70%
8.1Chile
61%
24.1Venezuela
41%
6.7Ecuador
27%
10.5Côte d'Ivoire
18%

Score Distribution

Percentile by Number Answered

Percent of People with Each Score

Your Score History

You have not taken this quiz